[Event "Groningen op"]
[Site "Groningen"]
[Date "1992.??.??"]
[Round "3"]
[White "Sorokin, Maxim"]
[Black "Schaefer, Markus"]
[Result "1/2-1/2"]
[WhiteElo "2550"]
[BlackElo "2435"]

1.Nf3 Nf6 2.c4 g6 3.g3 Bg7 4.Bg2 O-O 5.Nc3 d6 6.d4 Nbd7 7.O-O e5 8.e4 c6
9.h3 Qb6 10.d5 cxd5 11.cxd5 Nc5 12.Qe2 Bd7 13.Be3 Rfc8 14.Rfc1 Qa6 15.Qxa6 bxa6
16.Ne1 Rab8 17.Rc2 Ne8 18.Rac1 f5 19.f3 Bf6 20.Bf1 Bd8 21.Kg2 fxe4 22.fxe4 a5
23.Nf3 a4 24.Nd2 Ba5 25.Ncb1 Bb6 26.Bh6 Nf6 27.Nc3 Ba5 28.Kf3 Bxc3 29.bxc3 a3
30.Nc4 Ncxe4 31.Re1 Bb5 32.Nxa3 Bxf1 33.Rxf1 Rxc3+ 34.Rxc3 Nxc3 35.Nc4 e4+
36.Ke3 Ncxd5+ 37.Kd4 e3 38.Nxe3 Nxe3 39.Bxe3 Nd7 40.Kd5 Ne5 41.Rc1 Nf7 42.Rc7 Rb5+
43.Kc4 a6 44.a4 d5+ 45.Kc3 Nd6 46.Ra7 Ne4+ 47.Kc2 Rb4 48.Rxa6 d4 49.Ra8+ Kf7
50.Bd2 Nxd2 51.Kxd2 Rb3 52.Ra7+ Kf6 53.Rxh7 Rxg3 54.Rh4 Ke5 55.Rg4  1/2-1/2

[Event "Groningen op"]
[Site "Groningen"]
[Date "1992.??.??"]
[Round "7"]
[White "Rotstein, Arkadij"]
[Black "Kaminski, Marcin"]
[Result "1-0"]
[WhiteElo "2515"]
[BlackElo "2440"]

1.Nf3 Nf6 2.c4 g6 3.g3 Bg7 4.Bg2 O-O 5.Nc3 c6 6.d4 d5 7.Qb3 Qb6 8.O-O Bf5
9.Ne5 Be6 10.Qd1 Nbd7 11.cxd5 cxd5 12.Nd3 Qxd4 13.Be3 Qc4 14.Rc1 Qa6 15.Nb4 Qa5
16.Nbxd5 Nxd5 17.Nxd5 Qxa2 18.Nxe7+ Kh8 19.Bd4 Nf6 20.Rc7 Rab8 21.Qc1 Rfd8
22.Be5 Ne8 23.Qh6 Bd7 24.Bd5 Qxd5 25.Bxg7+ Nxg7 26.Nxd5 Nf5 27.Qf4  1-0

[Event "Gyor opJ"]
[Site "Gyor"]
[Date "1992.??.??"]
[Round "?"]
[White "Korpics, Zsolt"]
[Black "Trisic, Alexandar"]
[Result "1-0"]
[WhiteElo "2325"]
[BlackElo "2235"]

1.Nf3 Nf6 2.c4 g6 3.g3 Bg7 4.Bg2 O-O 5.O-O d6 6.d4 Nbd7 7.Nc3 e5 8.h3 c6
9.e4 Qb6 10.Re1 exd4 11.Na4 Qa6 12.Nxd4 Nc5 13.Nc3 Qxc4 14.Be3 Re8 15.Rc1 Qb4
16.Qc2 a5 17.Red1 a4 18.Nde2 Nfxe4 19.Nxe4 Nxe4 20.a3 Qxb2 21.Bxe4 Qxc2 22.Bxc2 d5
23.Nd4 Bxh3 24.Rb1 Bg4 25.Rd2 c5 26.Nb5 d4 27.Bf4 Be5 28.Nc7 Bxc7 29.Bxc7 Bf5
30.Bd3 Rac8 31.Bb5 Re4 32.Bb6 Re5 33.g4 Bxg4 34.Kg2 Rg5 35.f4 Bf5+ 36.fxg5 Bxb1
37.Bd7 Be4+ 38.Kg3 Ra8 39.Kf4 Bb1 40.Bxc5 d3 41.Bb4 Bc2 42.Bb5 Rd8 43.Ke4 h6
44.Be7 Rc8 45.Bf6 h5 46.Bxd3 Bb3 47.Bb5 Bc2+ 48.Kf4 Bb3 49.Rd4 Ra8 50.Rd7  1-0

[Event "Gyor opJ"]
[Site "Gyor"]
[Date "1992.??.??"]
[Round "?"]
[White "Fancsy, Imre"]
[Black "Boros, Daniel"]
[Result "1/2-1/2"]
[WhiteElo "2335"]
[BlackElo "2220"]

1.Nf3 Nf6 2.c4 g6 3.g3 Bg7 4.Bg2 O-O 5.d4 d6 6.Nc3 Nbd7 7.O-O e5 8.e4 c6
9.h3 Qb6 10.c5 dxc5 11.dxe5 Ne8 12.Qc2 Nc7 13.Na4 Qb5 14.Rd1 Ne6 15.Be3 Re8
16.Rab1 Qa5 17.a3 Bf8 18.Ng5 Nxg5 19.Bxg5 Nxe5 20.Bd2 Qb5 21.Be3 Be6 22.Nxc5 Nc4
23.Nxe6 Nxe3 24.fxe3 Rxe6 25.Rd7 Rd6 26.Rd1 Qe5 27.R1xd6 Bxd6 28.Qc4 Rf8
29.Qd4 Bb8 30.Qxe5 Bxe5 31.Rxb7 Rb8 32.Rxb8+ Bxb8 33.Kf2 Be5 34.b3 h5 35.Bf1 Kf8
36.Ba6  1/2-1/2

[Event "Hamburg op"]
[Site "Hamburg"]
[Date "1992.??.??"]
[Round "9"]
[White "Krause, Ullrich"]
[Black "Trisic, Alexandar"]
[Result "1-0"]
[WhiteElo "2340"]
[BlackElo "2235"]

1.c4 Nf6 2.Nf3 g6 3.g3 Bg7 4.Bg2 O-O 5.O-O d6 6.Nc3 c6 7.d3 Na6 8.Rb1 Nh5
9.d4 Nc7 10.e4 e5 11.Be3 f5 12.dxe5 dxe5 13.Bc5 Re8 14.Qxd8 Rxd8 15.Rbd1 Ne6
16.Rxd8+ Nxd8 17.exf5 gxf5 18.Re1 Nf7 19.Bh3 Bf6 20.Nd2 Ng7 21.Ba3 Be6 22.b3 Rd8
23.Nf1 e4 24.Na4 Ne5 25.Bg2 Nd3 26.Rd1 Bd4 27.Rd2 Nh5 28.Nc5 Bc8 29.Nxd3 exd3
30.Bb2 Kf7 31.Bxd4 Rxd4 32.Ne3 f4 33.Nd1 Bf5 34.Nb2 Nf6 35.f3 fxg3 36.hxg3 h5
37.Kf2 c5 38.Ke3 Nd7 39.f4 Nf6 40.Bf3 b6 41.Nxd3 Ke6 42.Ne5 Rxd2 43.Kxd2 Ne4+
44.Bxe4 Bxe4 45.Kc3 Kf5 46.b4 h4 47.gxh4 Kxf4 48.Nf7 Bg6 49.Nd6 Kg4 50.bxc5 bxc5
51.Kb3 Bb1 52.a3 Kxh4 53.Ka4 Kg5 54.Kb5 Kf6 55.Kxc5 Ke6 56.Nc8 a5 57.Kb6 a4
58.c5 Kd7 59.Na7 Be4 60.c6+ Bxc6 61.Nxc6 Kd6 62.Nb4 Kd7 63.Kb5 Kc7 64.Nd5+ Kb7
65.Nc3 Ka7 66.Nxa4 Kb7 67.Nc3 Ka7 68.a4 Kb7 69.a5  1-0

[Event "Havana-B"]
[Site "Havana"]
[Date "1992.??.??"]
[Round "?"]
[White "Nunez, Antonio"]
[Black "Moreno, Alberto"]
[Result "0-1"]
[WhiteElo "2340"]
[BlackElo "2270"]

1.Nf3 Nf6 2.g3 g6 3.c4 Bg7 4.Bg2 O-O 5.O-O d6 6.d4 c6 7.Nc3 Qa5 8.h3 Be6
9.Qd3 Qa6 10.b3 d5 11.Ne5 dxc4 12.Nxc4 Rd8 13.Rd1 Nbd7 14.e4 Nc5 15.Qc2 Bxc4
16.bxc4 Ne6 17.Be3 Ne8 18.Ne2 c5 19.d5 Bxa1 20.Rxa1 N6g7 21.Bxc5 Nd6 22.Nd4 Rac8
23.Nb3 b5 24.cxb5 Qxb5 25.a4 Qd7 26.Qd3 e6 27.e5 Ndf5 28.d6 f6 29.f4 fxe5
30.fxe5 Nh5 31.Bf2 Qg7 32.Re1 Qh6 33.Na5 Qg5 34.Kh2 Nh4 35.Bh1 Rf8 36.Rf1 Rc1
37.gxh4 Rxf2+ 38.Rxf2 Qg1+  0-1

[Event "Helsinki op"]
[Site "Helsinki"]
[Date "1992.??.??"]
[Round "4"]
[White "Rotstein, Arkadij"]
[Black "Velikhanli, Firuza"]
[Result "1/2-1/2"]
[WhiteElo "2515"]
[BlackElo "2230"]

1.c4 Nf6 2.Nf3 g6 3.g3 Bg7 4.Bg2 O-O 5.O-O d6 6.Nc3 e5 7.d3 Nc6 8.Rb1 a5
9.a3 d5 10.cxd5 Nxd5 11.Nxe5 Nxc3 12.Nxc6 Nxe2+ 13.Qxe2 bxc6 14.Bxc6 Ra6
15.Qf3 h5 16.Re1 Bg4 17.Qd5 Qf6 18.Bb7 c6 19.Qc5 Qf3 20.Qe3 Ra7 21.h3 Rxb7
22.hxg4 Qxg4 23.Qe4 Rb3 24.Bd2 a4 25.Bb4 Rd8 26.Rbc1 Bxb2 27.Rxc6 Bxa3 28.Qe7 Rbxd3
29.Bxa3 Rxg3+ 30.fxg3 Qxg3+ 31.Kf1 Qf3+ 32.Kg1 Qg3+  1/2-1/2

[Event "FIN-ch"]
[Site "Helsinki"]
[Date "1992.??.??"]
[Round "5"]
[White "Hakulinen, Esko Matti"]
[Black "Salo, Heikki"]
[Result "1/2-1/2"]
[WhiteElo "2310"]
[BlackElo "2240"]

1.Nf3 Nf6 2.c4 g6 3.g3 Bg7 4.Bg2 O-O 5.O-O d6 6.Nc3 e5 7.d4 Nbd7 8.e4 c6
9.h3 exd4 10.Nxd4 Re8 11.Be3 Nc5 12.Qc2 a5 13.Rfe1 Qc7 14.Rad1 Nfd7 15.b3 Ne6
16.Qd2 Ndc5 17.Nde2 Bf8 18.f4 f5 19.exf5 gxf5 20.g4 Ng7 21.g5 Be6 22.Ng3 Qf7
23.Bf3 a4 24.Bxc5 dxc5 25.Nxa4 Qc7 26.Bg2 Rad8 27.Qf2 b5 28.Nb2 Bd6 29.Rf1 Bf7
30.Qf3 Rc8 31.h4 Re6 32.Nd3 bxc4 33.bxc4 Ra8 34.h5 Rxa2 35.h6 Ne8 36.Nxf5 Ree2
37.Rf2 Rxf2 38.Nxf2 Bxf4 39.Re1 Bh2+ 40.Kh1 Be5 41.Ng4 Ra1 42.Rxa1 Bxa1 43.Qe4 Qd8
44.Qf4 Qd1+ 45.Kh2 Qe2 46.Nge3 Bd4 47.Nxd4 cxd4 48.Ng4 Qe6 49.Qxd4 Qd6+ 50.Qxd6 Nxd6
51.Nf6+ Kh8 52.c5 Nb7 53.Nd7 Be8 54.Nf6 Bg6 55.Kg3 Nxc5 56.Bxc6 Ne6 57.Kg4 Nd8
58.Bd5 Nf7 59.Kf4 Nd6 60.Ng4 Nf7 61.Be6 Bh5 62.Nf6 Bg6 63.Bd5 Nd6 64.Ng4 Nf7
65.Bb3 Bh5 66.Ne3 Bg6 67.Nc4 Nxg5 68.Kxg5 Bf7 69.Nd2 Bxb3 70.Nxb3 Kg8 71.Kf6 Kh8
72.Nd4 Kg8 73.Nf5 Kh8 74.Nd6 Kg8 75.Nf7 Kf8  1/2-1/2

[Event "Helsinki Club-ch"]
[Site "Helsinki"]
[Date "1992.??.??"]
[Round "5"]
[White "Kekki, Jorma"]
[Black "Sepp, Olav"]
[Result "1/2-1/2"]
[WhiteElo "2290"]
[BlackElo "2335"]

1.Nf3 Nf6 2.c4 g6 3.g3 Bg7 4.Bg2 O-O 5.O-O d6 6.d4 Nbd7 7.Nc3 e5 8.b3 Re8
9.e3 c6 10.Bb2 e4 11.Nd2 d5 12.Rc1 Nf8 13.cxd5 cxd5 14.Nb5 Ne6 15.Qc2 a6
16.Nc7 Nxc7 17.Qxc7 Qxc7 18.Rxc7 Bf8 19.Rfc1 Bd6 20.R7c2 Bd7 21.Nb1 b5 22.Nc3 Rab8
23.h4 a5 24.Bf1 a4 25.bxa4 bxa4 26.Nb1 Bf8 27.Ba1 Rb6 28.Rc7 Ra8 29.Nc3 Bd6
30.Rxd7 Nxd7 31.Nxd5 Rbb8 32.Rc6 Ba3 33.Rc7 Nf8 34.Nf6+ Kg7 35.Nxe4 h6 36.Bc3 Bb4
37.Ba1 Nh7 38.Bc4 Rf8 39.d5+ Kg8 40.d6 Ba5 41.Rc5 Rfc8 42.d7 Rxc5 43.Nxc5 Nf8
44.Bb5 Rb8 45.Bd3 Bd8 46.Be5 Rb6 47.Bd4 Ne6 48.Nxe6 Rxe6 49.a3 Rd6 50.Bb5 Rd5
51.Bc6 Rd6 52.Bb5 Rd5 53.Bc6 Rd6  1/2-1/2

[Event "HUN-ch"]
[Site "?"]
[Date "1992.??.??"]
[Round "3"]
[White "Kallai, Gabor"]
[Black "Tolnai, Tibor"]
[Result "1/2-1/2"]
[WhiteElo "2455"]
[BlackElo "2495"]

1.c4 Nf6 2.Nf3 g6 3.g3 Bg7 4.Bg2 O-O 5.O-O d5 6.cxd5 Nxd5 7.Nc3 Nc6 8.Qc2 a5
9.a3 Bg4 10.Qa4 Nf6 11.d4 Nd7 12.d5 Bxf3 13.Bxf3 Nd4 14.Bg2 Nb6 15.Qd1 a4
16.Be3 Nb3 17.Rb1 Bxc3 18.bxc3 Nc4 19.Bh6 Nxa3 20.Rxb3 axb3 21.Qxb3 Re8 22.Ra1 Qd6
23.Bf4 Qa6 24.Bxc7 Qc4 25.Qxb7 Qxc3 26.Rf1 Nc4 27.Bf4 Nd2 28.Bxd2 Qxd2 29.Bf3 Qd4
30.h4 Qf6 31.Kg2 Rab8 32.Qd7 h6 33.Rc1 Red8 34.Qc7 Re8 35.Rc6 Qa1 36.Qf4 Qg7
37.h5 g5 38.Qf5 Red8 39.g4 Rd6 40.Rc4 Qf6 41.Qc2 Rbd8 42.Rc6 Kg7 43.Qe4 R8d7
44.Qe3 Rb7 45.Qe4 Qa1 46.Qf5 Qf6 47.Qe4 Rbd7 48.Qe3 Qb2 49.Rc3 Rf6 50.Rb3 Qa2
51.Qc3 Qa7 52.Rb5 Rc7  1/2-1/2

[Event "HUN-chT"]
[Site "HUN"]
[Date "1992.??.??"]
[Round "?"]
[White "Ragats, Jozsef"]
[Black "Madl, Ildiko"]
[Result "0-1"]
[WhiteElo "2215"]
[BlackElo "2375"]

1.Nf3 Nf6 2.c4 g6 3.g3 Bg7 4.Bg2 O-O 5.O-O c5 6.Nc3 Nc6 7.d3 a6 8.Rb1 Rb8
9.Bg5 d6 10.Qd2 b5 11.Bh6 Bd7 12.Bxg7 Kxg7 13.b3 Qc8 14.Rfd1 Bg4 15.Re1 Re8
16.Ng5 h6 17.Nge4 Nd4 18.f3 Nxe4 19.Nxe4 Bf5 20.Nf2 Qc7 21.e3 Nc6 22.g4 Bd7
23.Ne4 bxc4 24.dxc4 Qa5 25.Qb2+ Kh7 26.Red1 Ne5 27.Qe2 f5 28.Ng3 fxg4 29.f4 Nf3+
30.Bxf3 gxf3 31.Qc2 Rf8 32.Kf2 Qd8 33.h4 Bf5 34.e4 Bg4 35.h5 Rxf4 36.hxg6+ Kg7
37.e5 Qf8 38.Qc3 Kg8 39.exd6 exd6 40.Rd5 Re8 41.Qd3 Re2+ 42.Nxe2 fxe2+ 43.Kg1 Rf3
44.Qe4 Rg3+  0-1

[Event "HUN-chT"]
[Site "HUN"]
[Date "1992.??.??"]
[Round "2"]
[White "Szekely, Peter"]
[Black "Hazai, Laszlo"]
[Result "1/2-1/2"]
[WhiteElo "2450"]
[BlackElo "2460"]

1.Nf3 Nf6 2.c4 g6 3.g3 Bg7 4.Bg2 O-O 5.d4 d6 6.Nc3 Nc6 7.O-O e5 8.dxe5 Nxe5
9.Nxe5 dxe5 10.Bg5 Qxd1 11.Raxd1 c6 12.Rd2 Be6 13.b3 Rfe8 14.Na4 h6 15.Be3 Ng4  1/2-1/2

[Event "Hyeres op"]
[Site "Hyeres"]
[Date "1992.??.??"]
[Round "?"]
[White "Foisor, Ovidiu"]
[Black "Kleinplatz, Sam"]
[Result "1-0"]
[WhiteElo "2450"]
[BlackElo "2295"]

1.c4 Nf6 2.Nf3 g6 3.g3 Bg7 4.Bg2 O-O 5.O-O d5 6.cxd5 Nxd5 7.d4 Nb6 8.Nc3 Nc6
9.d5 Na5 10.Qc2 Nxd5 11.Rd1 c6 12.e4 Nb4 13.Qa4 b5 14.Qxb4 Bxc3 15.Qxc3 Qxd1+
16.Ne1 Qd8 17.Bh6 f6 18.Bxf8 Kxf8 19.Nd3 Be6 20.Nc5 Bf7 21.e5 Nc4 22.exf6 exf6
23.b3 Nb6 24.Nb7 Qe7 25.Qxc6 Rc8 26.Qxb5 Rc7 27.Qa6 Kg7 28.Rd1 Rc2 29.h3 Nd5
30.Qd3 Nb4 31.Qe4 Qxe4 32.Bxe4 Rc7 33.Rd2 f5 34.Bf3 Kf6 35.Kg2 Rc3 36.Nd6 Rd3
37.Rxd3 Nxd3 38.Nxf7 Ne1+ 39.Kf1 Nxf3 40.Nd8 Nd4 41.Ke1 h5 42.Kd2 Ke5 43.Kd3 Kd5
44.f4 Nb5 45.Nf7 Ke6 46.a4 Nc7 47.Ng5+ Kd5 48.b4 a6 49.Nf3 Ne6 50.h4 a5 51.bxa5 Nc5+
52.Ke3 Nxa4 53.Ne5 Nc5 54.Nxg6 Kd6 55.Ne5 Ne4 56.Kf3 Kc5 57.Nf7 Kb5 58.Nh6 Nd6
59.Ke3  1-0

[Event "Iraklion op"]
[Site "Iraklion"]
[Date "1992.??.??"]
[Round "3"]
[White "Csom, Istvan"]
[Black "Blees, Albert"]
[Result "1/2-1/2"]
[WhiteElo "2490"]
[BlackElo "2410"]

1.c4 Nf6 2.Nf3 g6 3.g3 Bg7 4.Bg2 O-O 5.d4 d6 6.Nc3 Nbd7 7.O-O e5 8.h3 c6
9.e4 Qb6 10.dxe5 dxe5 11.Qc2 Ne8 12.Rd1 Qc5 13.Na4 Qe7 14.Bg5 f6 15.Be3 Nc7
16.c5 Ne6 17.Rd6 Kh8 18.Rad1 f5 19.b4 a5 20.exf5 gxf5 21.a3 axb4 22.axb4 f4
23.Bc1 fxg3 24.fxg3 Nd4 25.Nxd4 exd4 26.Bf4 Rxf4 27.gxf4 Qe3+ 28.Kh1 Qxf4
29.Rf1 Qh4 30.Qb3 Ne5 31.Nb6 d3 32.Nxc8 Rxc8 33.Qe6 Rg8 34.Qf5 Rf8 35.Qe6 Rg8
36.Qf5 Rf8  1/2-1/2

[Event "Karvina op"]
[Site "Karvina"]
[Date "1992.??.??"]
[Round "3"]
[White "Konopka, Michal"]
[Black "Zhelnin, Vladimir V"]
[Result "1/2-1/2"]
[WhiteElo "2350"]
[BlackElo "2435"]

1.Nf3 Nf6 2.c4 g6 3.g3 Bg7 4.Bg2 O-O 5.d4 d6 6.O-O Nbd7 7.Nc3 e5 8.h3 c6
9.e4 Ne8 10.Re1 Nc7 11.d5 cxd5 12.Nxd5 Nxd5 13.Qxd5 Nc5 14.Bg5 Qc7 15.Rad1 Be6
16.Qxd6 Qxd6 17.Rxd6 Bxc4 18.b3 Be6 19.Nh2 Rfe8 20.Red1 f6 21.Be3 Kf7 22.f3 Bf8
23.R6d2 a5 24.f4 exf4 25.gxf4 Be7 26.f5 gxf5 27.exf5 Bxf5 28.Rf2 Be6 29.Nf3 Red8
30.Rxd8 Rxd8 31.Ng5+ Kg6 32.Nxe6 Nxe6 33.Bxb7 f5 34.Kf1 Bc5 35.Bxc5 Nxc5
36.Bf3  1/2-1/2

[Event "Karvina op"]
[Site "Karvina"]
[Date "1992.??.??"]
[Round "7"]
[White "Kempinski, Robert"]
[Black "Rawski, Slawomir"]
[Result "1/2-1/2"]
[WhiteElo "2290"]
[BlackElo "2300"]

1.Nf3 Nf6 2.c4 g6 3.g3 Bg7 4.Bg2 O-O 5.O-O c6 6.d3 d6 7.Nc3 Bd7 8.Rb1 Qc8
9.Qc2 Bh3 10.b4 Bxg2 11.Kxg2 Nbd7 12.b5 c5 13.Bg5 h6 14.Bxf6 Nxf6 15.Nd5 Nxd5
16.cxd5 a6 17.Nd2 axb5 18.Rxb5 Qg4 19.Nc4 Qd4 20.e4 Ra7 21.Rfb1 Rfa8 22.a3 e6
23.dxe6 fxe6 24.Rxb7 Rxb7 25.Rxb7 d5 26.Rd7 Qf6 27.exd5 exd5 28.Rxd5 Qc6
29.Ne3 Bd4 30.Qb3 Bxe3 31.fxe3 Rxa3 32.Qxa3 Qxd5+ 33.e4 Qd4 34.Qb3+ Kg7 35.h4 Qe3
36.Qc2 h5 37.Qd1 c4 38.Qa1+ Kh7  1/2-1/2

[Event "Kecskemet3"]
[Site "Kecskemet"]
[Date "1992.??.??"]
[Round "9"]
[White "Vadasz, Laszlo"]
[Black "Landenbergue, Claude"]
[Result "1/2-1/2"]
[WhiteElo "2325"]
[BlackElo "2410"]

1.Nf3 Nf6 2.c4 g6 3.g3 Bg7 4.Bg2 O-O 5.O-O d6 6.d4 c6 7.Nc3 Qa5 8.h3 Be6
9.Nd2 d5 10.cxd5 cxd5 11.Nb3 Qd8 12.Bg5 Na6 13.Bxf6 Bxf6 14.Qd3 Qd7 15.a3 Rfc8
16.Rac1 Kg7 17.Qb5 Qxb5 18.Nxb5 Bd7 19.Nc3 e6 20.e4  1/2-1/2

[Event "Kobanya op"]
[Site "Kobanya op"]
[Date "1992.??.??"]
[Round "5"]
[White "Hever, Miklos"]
[Black "Zezulkin, Jurij"]
[Result "0-1"]
[WhiteElo "2310"]
[BlackElo "2440"]

1.Nf3 Nf6 2.c4 g6 3.g3 Bg7 4.Bg2 O-O 5.O-O d5 6.d4 dxc4 7.Qa4 Nbd7 8.Qxc4 Nb6
9.Qb3 Be6 10.Qd1 c6 11.Nc3 Nbd5 12.Ng5 Nxc3 13.Nxe6 Nxd1 14.Nxd8 Raxd8 15.Rxd1 e5
16.Be3 Ng4 17.d5 Nxe3 18.fxe3 f5 19.dxc6 e4 20.cxb7 Rb8 21.Rd7 Rf7 22.Rxf7 Kxf7
23.Rf1 Ke6 24.g4 Rxb7 25.gxf5+ gxf5 26.Bh3 Rb5 27.a4 Rd5 28.b4 Bf8 29.Rb1 Ke5
30.Kf2 Rd6 31.b5 Rh6 32.Bg2 Bc5 33.Rc1 Bb6 34.h3 f4 35.Rc8 Bxe3+ 36.Kf1 Re6
37.Rc7 Rd6 38.Ke1 Bd2+ 39.Kf1 Be3 40.Ke1 Rd4 41.Rc5+ Kf6 42.Rc6+ Kg5 43.a5 Kh4
44.Rc7 Kg3 45.Rg7+ Kh2  0-1

[Event "ARG-ch sf1"]
[Site "La Plata"]
[Date "1992.??.??"]
[Round "?"]
[White "Szmetan, Jorge"]
[Black "Vidal, Jose Raul"]
[Result "1-0"]
[WhiteElo "2400"]
[BlackElo "2380"]

1.Nf3 Nf6 2.c4 g6 3.g3 Bg7 4.Bg2 O-O 5.O-O d6 6.d4 Nbd7 7.Nc3 e5 8.e4 a5
9.h3 c6 10.Be3 Qe7 11.Qc2 Ne8 12.Rfe1 f5 13.exf5 gxf5 14.c5 e4 15.cxd6 Nxd6
16.Bf4 Nf7 17.Rad1 a4 18.Nh2 a3 19.b3 Qb4 20.Qd2 Nc5 21.Nxe4 Qxd2 22.Nxd2 Nd3
23.Re2 Nxf4 24.gxf4 Bxd4 25.Nc4 Bg7 26.Nf3 b5 27.Nce5 Re8 28.Rc2 Be6 29.Nd4 Nxe5
30.fxe5 Red8 31.Rcd2 Bd5 32.Nxc6  1-0

[Event "Ljubljana op"]
[Site "Ljubljana"]
[Date "1992.??.??"]
[Round "2"]
[White "Panchenko, Alexander N"]
[Black "Vospernik, Mira"]
[Result "1-0"]
[WhiteElo "2460"]
[BlackElo "2135"]

1.c4 Nf6 2.Nf3 g6 3.g3 Bg7 4.Bg2 O-O 5.O-O d6 6.d4 c6 7.Nc3 Nbd7 8.b3 e5
9.e3 Re8 10.Bb2 Rb8 11.Rc1 b5 12.Nd2 b4 13.Nce4 Nxe4 14.Nxe4 Qc7 15.dxe5 dxe5
16.a3 a5 17.axb4 axb4 18.Qd6 Qxd6 19.Nxd6 Re6 20.c5 Bb7 21.Rfd1 Nf8 22.Ra1 Nd7
23.Nxf7 Nxc5 24.Nd8 Re8 25.Nxb7 Nxb7 26.Bxc6 Re7 27.Ra7 Kf8 28.Rd5 Nd8 29.Rxe7 Kxe7
30.Rd7+ Kf8 31.Rxg7 Nxc6 32.Rxh7 Kg8 33.Rc7 Rb6 34.Kf1 Na5 35.Bxe5 Nxb3 36.Ke2 Na5
37.Kd2 Nc6 38.Bb2 Ra6 39.Rg7+ Kf8 40.Rxg6 Ra2 41.Rxc6 Rxb2+  1-0

[Event "Lloyds Bank op"]
[Site "London"]
[Date "1992.??.??"]
[Round "?"]
[White "McNab, Colin Anderson"]
[Black "Buckley, Graeme"]
[Result "1/2-1/2"]
[WhiteElo "2480"]
[BlackElo "2205"]

1.Nf3 Nf6 2.c4 g6 3.g3 Bg7 4.Bg2 O-O 5.O-O d6 6.d4 Nbd7 7.Qc2 e5 8.Rd1 Re8
9.Nc3 c6 10.b3 e4 11.Ng5 e3 12.fxe3 Nf8 13.e4 Qe7 14.Nf3 Nxe4 15.Qxe4 Qxe4
16.Nxe4 Rxe4 17.e3 Re7 18.Re1 Bg4 19.Ba3 Rae8 20.Bxd6 Rxe3 21.Rxe3 Rxe3 22.Ne5 Bf5
23.Kf2 Rc3 24.Re1 Ne6 25.d5 cxd5 26.Bxd5 b6 27.Nc6 Bg4 28.Be4 Ng5 29.Bg2 Rc2+
30.Kf1 h5 31.Ne5 Rxa2 32.Nxg4 hxg4 33.Re2 Ra1+ 34.Re1 Ra2 35.Re8+ Kh7 36.Re2 Ra1+
37.Re1 Ra2 38.Re2 Ra1+ 39.Re1 Ra5 40.Bd5 Bd4 41.Rd1 Be3 42.Ke2 Bc5 43.Bf4 Nh3
44.Bxf7 Nxf4+ 45.gxf4 Ra2+ 46.Rd2 Rxd2+ 47.Kxd2 Kh6 48.Be6 Kh5 49.h3 g3 50.Bd5 g5
51.fxg5 Kxg5 52.Ke2 Kf4 53.Kf1 Bd6 54.Kg2 Be7 55.Bf7 Bh4 56.b4 a6 57.c5 bxc5
58.bxc5 Bd8 59.c6 a5 60.Bb3  1/2-1/2

[Event "Balkaniad"]
[Site "Mangalia"]
[Date "1992.??.??"]
[Round "1"]
[White "Olcayoz, Alper"]
[Black "Istratescu, Andrei"]
[Result "0-1"]
[WhiteElo "2360"]
[BlackElo "2430"]

1.Nf3 Nf6 2.c4 g6 3.g3 Bg7 4.Bg2 O-O 5.O-O Nc6 6.d4 a6 7.Nc3 Rb8 8.Qc2 b5
9.cxb5 axb5 10.d5 Nb4 11.Qb3 c5 12.dxc6 Nxc6 13.Bf4 d6 14.Ng5 Nd4 15.Qd1 Ne6
16.Nxe6 Bxe6 17.Qd2 b4 18.Ne4 Nxe4 19.Bxe4 Qb6 20.Be3 Qb5 21.Rfb1 Bc4 22.a4 bxa3
23.Rxa3 Qb4 24.Qxb4 Rxb4 25.Bd3 Rxb2 26.Rxb2 Bxb2 27.Ra7 Bxd3 28.exd3 Bf6
29.Kg2 Kg7 30.Kf3 Rb8 31.h4 h6 32.Ra5 h5 33.Ra7 e6 34.Rd7 d5 35.Ke2 Rb4 36.Kf3 Bd4
37.Ke2 Bxe3 38.Kxe3 Kf6 39.Ra7 Rb2 40.Rc7 e5 41.f4 d4+ 42.Kf3 Rd2 43.fxe5+ Kxe5
44.Rxf7 Rxd3+ 45.Kf2 Ra3 46.Rf8 Rb3 47.Rd8 Ke4 48.Rd6 Rf3+ 49.Kg2 Rf8 50.Rxg6 d3
51.Re6+ Kd4 52.Rd6+ Kc3 53.Rc6+ Kb2 54.Rd6 Kc2 55.Rc6+ Kd1 56.g4 Rg8 57.g5 d2
58.Rd6 Rc8 59.Kf2 Kc2 60.Kf3 d1=Q+ 61.Rxd1 Kxd1  0-1

[Event "Manila ol (Women)"]
[Site "Manila"]
[Date "1992.??.??"]
[Round "?"]
[White "Ioseliani, Nana"]
[Black "Undrahbuyan, Baasanjav"]
[Result "1-0"]
[WhiteElo "2445"]
[BlackElo "2040"]

1.Nf3 Nf6 2.c4 g6 3.g3 Bg7 4.Bg2 O-O 5.O-O d6 6.Nc3 e5 7.d4 Nbd7 8.b3 Re8
9.dxe5 dxe5 10.Bb2 c6 11.Qc2 Qc7 12.b4 Nf8 13.h3 Bf5 14.e4 Bd7 15.Rfd1 Rad8
16.Na4 Nh5 17.Nc5 Bc8 18.a4 b6 19.Rxd8 Rxd8 20.Nd3 Re8 21.c5 h6 22.cxb6 Qxb6
23.Nfxe5 Ba6 24.g4 Nf4 25.Nxf4 Bxe5 26.Bxe5 Rxe5 27.Qc3 Re7 28.Rc1 Ne6 29.Nxe6 Rxe6
30.Qc5 Bd3 31.e5 Qc7 32.f4 g5 33.Qd4 Qb6 34.Qxb6 axb6 35.Rxc6 gxf4 36.Rxe6 fxe6
37.Bb7 Kg7 38.a5 bxa5 39.bxa5 Kg6 40.a6 Bxa6 41.Bxa6  1-0

[Event "Manila ol (Men)"]
[Site "Manila"]
[Date "1992.??.??"]
[Round "?"]
[White "Hakulinen, Esko Matti"]
[Black "Milu, Romeo Sorin"]
[Result "1/2-1/2"]
[WhiteElo "2310"]
[BlackElo "2400"]

1.Nf3 Nf6 2.c4 g6 3.g3 Bg7 4.Bg2 O-O 5.O-O d6 6.Nc3 e5 7.d4 Nbd7 8.e4 c6
9.h3 Qb6 10.d5 Nc5 11.Qe2 Bd7 12.Be3 cxd5 13.cxd5 Rfc8 14.Rfc1 a5 15.Nd2 Qd8
16.Nb5 Bf8 17.Bxc5 dxc5 18.Rc2 a4 19.Nc3 Qe8 20.Nc4 Ra6 21.f4 exf4 22.gxf4 Nh5
23.Qf3 b5 24.Ne3 Bh6 25.Ne2 Nxf4 26.Nxf4 Rf6 27.Nf5 gxf5 28.Nh5 Rg6 29.Rf1 f4
30.Nxf4 Bxf4 31.Qxf4 Bxh3 32.Rf3 Qd7 33.Kf1 Bg4 34.Rg3 f6 35.Rf2 Re8 36.Bf3 Bh3+
37.Kg1 Rxg3+ 38.Qxg3+ Qg7 39.Kh2 Qxg3+ 40.Kxg3 Bd7 41.Kf4 Re7  1/2-1/2

[Event "Manila ol (Men)"]
[Site "Manila"]
[Date "1992.??.??"]
[Round "?"]
[White "McNab, Colin Anderson"]
[Black "Antonio, Rogelio Jr"]
[Result "0-1"]
[WhiteElo "2475"]
[BlackElo "2500"]

1.Nf3 Nf6 2.c4 g6 3.g3 Bg7 4.Bg2 O-O 5.O-O d6 6.d4 Nbd7 7.Qc2 e5 8.Rd1 Qe7
9.Nc3 c6 10.d5 c5 11.a3 Nb6 12.Nd2 Bg4 13.b4 Rac8 14.h3 Bd7 15.Qb3 e4 16.e3 Qe8
17.b5 h5 18.Ra2 Bf5 19.Re1 Qe7 20.g4 hxg4 21.hxg4 Nxg4 22.Ncxe4 Bxe4 23.Nxe4 Qh4
24.Rae2 f5 25.Nd2 Ne5 26.f4 Ng4 27.Nf3 Qg3 28.Bd2 Rce8 29.Rc1 Nf6 30.Be1 Qg4
31.Rcc2 Ne4 32.Nh2 Qh5 33.Bf3 Qh3 34.Rg2 Kf7 35.Bxe4 fxe4 36.Rg3 Qh5 37.Rcg2 Rh8
38.Rg5 Qh6 39.Bc3 Bxc3 40.Qxc3 Reg8 41.Qc2 Qh4 42.Kf1 Ke7 43.a4 Kd8 44.a5 Nc8
45.Qxe4 Re8 46.Qf3 Ne7 47.e4 Rhf8 48.Rf2 Qh8 49.e5 Nf5 50.a6 b6 51.Ng4 Re7
52.Rh2 Qg7 53.Kg1 Nd4 54.Qh3 Rxf4 55.Qh8+ Rf8 56.Qxg7 Rxg7 57.Rf2 Nf3+ 58.Kf1 Rgg8
59.Nf6 Nxg5 60.Nxg8 Rxg8 61.e6 Ke7 62.Ke2 Rg7 63.Rg2 Nh7 64.Kf3 Nf6 65.Kf4 g5+  0-1

[Event "Manila ol (Men)"]
[Site "Manila"]
[Date "1992.??.??"]
[Round "?"]
[White "Piasetski, Leon David"]
[Black "Zarnicki, Pablo"]
[Result "0-1"]
[WhiteElo "2370"]
[BlackElo "2385"]

1.c4 Nf6 2.Nf3 g6 3.g3 Bg7 4.Bg2 O-O 5.O-O d6 6.Nc3 c6 7.d4 Bf5 8.b3 Ne4
9.Bb2 Nxc3 10.Bxc3 Be4 11.Rc1 Nd7 12.Qd2 Nf6 13.Rfd1 d5 14.Bb2 Qb6 15.Ba3 Rfe8
16.Bh3 Bxf3 17.exf3 dxc4 18.bxc4 Rad8 19.Qe3 e6 20.Rb1 Qc7 21.f4 Rd7 22.d5 cxd5
23.cxd5 Nxd5 24.Qxa7 Qc2 25.Bf1 Red8 26.Bb5 Nc3 27.Bxd7 Nxd1 28.Rxb7 Qe4
29.Rb8 Qe1+ 30.Kg2 Qe4+ 31.f3 Qe2+ 32.Kg1 Bd4+ 33.Qxd4 Rxb8 34.Ba4 Ne3  0-1

[Event "Mlada Boleslav op"]
[Site "Mlada Boleslav"]
[Date "1992.??.??"]
[Round "9"]
[White "Jurka, Miroslav"]
[Black "Belaska, Premysl"]
[Result "1/2-1/2"]
[WhiteElo "2355"]
[BlackElo "2265"]

1.Nf3 Nf6 2.c4 g6 3.g3 Bg7 4.Bg2 O-O 5.d4 d6 6.Nc3 Nbd7 7.O-O e5 8.e4 a6
9.Qc2 exd4 10.Nxd4 Ne5 11.b3 c5 12.Nde2 Rb8 13.a4 Ne8 14.f4 Nc6 15.Bb2  1/2-1/2

[Event "Munich op9192"]
[Site "Munich"]
[Date "1992.??.??"]
[Round "1"]
[White "Zaura, Vidmantas"]
[Black "Greenfeld, Alon"]
[Result "1/2-1/2"]
[WhiteElo "2300"]
[BlackElo "2515"]

1.Nf3 Nf6 2.g3 g6 3.Bg2 Bg7 4.c4 O-O 5.O-O d6 6.d4 Nbd7 7.Nc3 e5 8.e4 c6
9.h3 Qb6 10.dxe5 dxe5 11.Qe2 a5 12.Be3 Qb4 13.a3 Qe7 14.Qc2 Nh5 15.Nh4 Nc5
16.Bxc5 Qxc5 17.Na4 Qa7 18.c5 Be6 19.Nb6 Rad8 20.Rad1 Qb8 21.Nc4 f5 22.Rd6 Rxd6
23.Nxd6 f4 24.g4 Bf6 25.Nf3 Ng7 26.Rd1 Ne8 27.Bf1 b5 28.b4 a4 29.Qc3 Bb3
30.Rd2 Qc7 31.Nxe8 Rxe8 32.Rd6 Kf7 33.Bd3 g5 34.Bb1 Kg7 35.Qd2 Re6 36.Ba2 Re8
37.Ne1 Be7 38.Rd3 Rh8 39.f3 h5 40.Qb2 Kf6 41.Rd2 Bf8 42.Rh2 Rh7  1/2-1/2

[Event "Munich op9192"]
[Site "Munich"]
[Date "1992.??.??"]
[Round "6"]
[White "Stangl, Markus"]
[Black "Wagner, Anselm"]
[Result "1/2-1/2"]
[WhiteElo "2490"]
[BlackElo "2235"]

1.Nf3 Nf6 2.c4 g6 3.g3 Bg7 4.Bg2 O-O 5.d4 d6 6.O-O Nc6 7.Nc3 a6 8.h3 Rb8
9.Be3 b5 10.Nd2 Bd7 11.cxb5 axb5 12.Rc1 e5 13.dxe5 Nxe5 14.b4 Bc6 15.Bd4 Bxg2
16.Kxg2 Re8 17.Qc2 c6 18.Rfd1 Qe7 19.e4 c5 20.bxc5 dxc5 21.Bxe5 Qxe5 22.f4 Qe6
23.e5 Nd5 24.Nxd5 Qxd5+ 25.Nf3 Qa8 26.Qxc5 Qxa2+ 27.Rc2 Qa8 28.Qd5 Qxd5 29.Rxd5 b4
30.Nd4 Rb7 31.Kf3 f6 32.Ke4 fxe5 33.fxe5 b3 34.Rb2 Rbe7 35.Nf3 Rb7 36.Rd3 Rb4+
37.Rd4 Rb5 38.Rd5 Rb7 39.Nd4 Rbe7 40.Nf3 Rb7  1/2-1/2